00900nam a2200169Ia 4500008004100000020001800041050002300059082002300082100003400105245009800139250001700237260003400254300001800288504009500306505027700401650005200678120905s9999 xx 000 0 und d a9786071701053 aHF5438.8bB84 2009 a33804791 B84o 2009 aBuendía, Juan Manueleautor aOrganización de reunionesb : convenciones, congresos, seminariosc / Juan manuel Buendía a2a edición aMéxicob : Trillasc , 2009 a175 páginas aIncluye: Prefacio Índice de contenido Índice analítico Bibliografía (página 167) aEl proceso administrativo Consideraciones generales Previsión Planeación Organización Integración Dirección Control Exposiciones Conceptos prácticos Terminología Planeación de eventoss, formatos, controles y actividades Publicidad y promoción Emergencias 0aPROCESO ADMINISTRATIVOxPLANEACIÓN DE EVENTOS